000 00605nam a2200229Ia 4500
003 OSt
005 20221007071857.0
006 a|||||r|||| 00| 0
007 ta
008 221006b |||||||| |||| 00| 0 eng d
024 _a28,259
037 _cTextual
040 _aFLL
_cFLL
_beng
041 _2eng
_aeng
082 _aV3:2817:N3, G7
100 _aHall Henry L.
_9689613
245 0 _aColonial office
260 _aLondon
_bLongmans, Green and Co. London
_c1937
300 _axii,296p
_ccm.
942 _hV3:2817:N3, G7
_cTEXL
_2CC
999 _c1144566
_d1144566